| 000 | 00951nam a2200265 i 4500 | ||
|---|---|---|---|
| 001 | bg | ||
| 100 | 1 | _aMolski, Piotr. | |
| 245 | 1 | 0 |
_aOchrona i zagospodarowanie wybranych zespołów fortyfikacji nowszej w Polsce / _cPiotr Molski. |
| 260 |
_aWarszawa : _bOficyna Wydawnicza Politechniki Warszawskiej, _c2007. |
||
| 300 |
_a132, [5] s., 18 s. tabl. złoż. : _bmapy, plany ; _c29 cm. |
||
| 490 | 1 |
_aPrace Naukowe Politechniki Warszawskiej _aArchitektura. _x1896-1630 ; _vz. 3 |
|
| 490 | 1 |
_aArchitektura. _x1896-1630 ; _vz. 3 |
|
| 504 | _aBibliogr. | ||
| 546 | _aStreszcz. ang. | ||
| 650 | 9 |
_aArchitektura obronna _xzabytki _xochrona i konserwacja |
|
| 830 |
_aPrace Naukowe (Politechnika Warszawska) _x1896-1630 ; |
||
| 830 |
_aArchitektura. _x1896-1630 ; |
||
| 040 | _cBPK | ||
| 041 | 0 |
_apol _beng |
|
| 044 | _aPOL | ||
| 080 | _a728.81.025:623.1/.3:711.2](438) | ||
| 942 | _cKS | ||
| 008 | s pl f |000 0 pol | ||
| 999 |
_c54183 _d54183 |
||
| 856 |
_uhttp://koha.tu.koszalin.pl/cgi-bin/koha/opac-detail.pl?biblionumber=54183 _yKatalog online BPK |
||